000 00555nam a2200193 i 4500
001 45421
003 ES-MaACL
005 20230906161221.0
007 t|
008 030326s1976 sp ||||1| spa d
100 1 _aCofer, Charles N.
_939467
245 1 0 _aMotivación y emoción /
_cCharles N. Cofer.
260 _a[Bilbao] :
_bDesclée de Brouwer,
_c[1976]
300 _a214 p. :
_bil. ;
_c21 cm.
490 1 _aBiblioteca de psicología
830 0 _aBiblioteca de psicología
_9180745
852 _aES-MaACL
_jA-6730
_bR.95881
999 _c45421
_d45421